00670nam a22001697a 450000500170000001000180001702000140003503500140004903700160006308200110007910000380009024501260012824600880025426000500034227000850039230000230047720200131120640.0 aB-208942  c250.00a- aB-208942  bDBAD/PUBa- a843.08 aعظيم ا لشا ن صد يقی aا فسا نہ نگا ر پر يم چند (تنقيد ی و سما جی محا کمہ)cعظيم ا لشا ن صد يقی bAfsana Nigar Prem Chand (Tanqeedi wa Samaji Mahakma) (Urdu)aby Azeemushan Siddiqui aDelhibEducational publishing House c2006 ء a3108,Gali Azizuddin Vakil,Kucha Pandit,Lal kuan,bDelhi e110006k09317748056l- a327 ص c22 Cm(Hb)